00889nam a2200277 i 4500001000300000003000400003005001700007008003900024015001800063020001500081040001400096041000800110080001000118080001200128100003500140245007300175250001200248260005500260300002800315504003600343650002100379655003000400710003400430700004900464856009800513bgBPK20210129112426.0001027s2000 pl a f f |001 0 pol aPB 2000/20036 a8301121076 aWA NcBPK0 apol a628.1 a(075.8)1 aKowal, Apolinary LeszekeAutor10aOczyszczanie wody /cApolinary L. Kowal, Maria Świderska-Bróż. aWyd. 4. aWarszawa ;aWrocław :bWydaw. Naukowe PWN,c2000. a614 s. :bil. ;c25 cm. aBibliogr. przy rozdz. - Indeks. 4aUzdatnianie wody 4aPodręczniki akademickie2 aWydawnictwo Naukowe PWN4pbl.1 aŚwiderska-Bróż, Mariad(1947- )eAutor uhttp://koha.tu.koszalin.pl/cgi-bin/koha/opac-detail.pl?biblionumber=40449yKatalog online BPK